000 03763nam a2200313Ia 4500
005 20210730145436.0
008 130821s1785 sp ab fr 1 spa
040 _aCo-BoUCM
_bspa
_cSandra Yazo (modificó)
_dSandra Yazo (modificó)
041 0 _aspa
082 0 4 _a910.9
_220
092 _aE11N030
100 1 _aAlmodóvar, Pedro Jiménez de Góngora
_d1727-1794
_cDuque de ;
_cSilva, Francisco María de (Seudómino) ;
_cMalo de Luque, Eduardo (Seudónimo) ;
_cLuxán, Pedro de (Seudónimo)
_986622
245 1 0 _aHistoria política de los establecimientos ultramarinos de las naciones europeas
_cpor Eduardo Malo de Luque
260 _aMadrid (España)
_bAntonio de Sancha
_c1785
300 _a5 volúmenes (xiii, 251 páginas, [5] hojas plegasas, 109 páginas ; xiii, 336 páginas, [4] hojas plegadas ; xvi, 607 páginas, [2] hojas plegadas ; xii, 384, 138, xxi páginas, [4] hojas plegadas)
_bmapas
500 _aDetalles físicos (Colección):Encuadernación rígida en cartón duro forrado en cuero texturizado en color café. Lomo con tejuelos, uno rojo y el otro verde ya faltantes en varios tomos y adornos en dorado. Guardas. Portada impresa en una sola tinta. Texto en una sola columna con notas al pie de pagina en dos columnas. Varias hojas plegadas de mapas, fuera del texto. Signaturas y relamos. Cantos y cortes decorados. Prologo y erratas. Colección incompleta, falta el V.1. V.2: Contiene nota manuscrita de donación de Eloy Valenzuela en erratas. V.4: Contiene obra anexa con portada, ultimas hojas perforas por insectos
505 2 _aV.2: Libro tercero: establecimientos, comercio y conquistas de los ingleses en las Indias Orientales ; Apéndice -- V.3: Libro cuarto: Viajes, establecimientos, guerras y comercio de los Franceses en las Indias Orientales ; Apéndice -- V.4: Libro quinto: Viajes, establecimientos, y comercio de los Dinamarqueses, Suecos, Prusianos, Imperiales, y Rusos en las indias Orientales; y Memorias Analíticas relativas á la historia, y actual estado de la Rusia -- V.5:Libro sexto: Establecimientos Españoles en el Asia con que se concluye la historia de todos los de la Europa en aquella grande y rica región ; Se añade, como preliminar para mayor conocimiento, diferentes nociones y discursos relativos
506 _aConsulta en sala
650 7 _aDescubrimientos y exploraciones
_xHistoria
_zEuropa
_97509
650 7 _aEconomía
_xHistoria
_zEuropa
_9174
_ySiglo XV-XVIII
650 7 _aImperialismo
_zEuropa
_917199
690 _aHistoria de Europa
_926509
856 4 1 _zDisponible en línea V.1
_uhttp://books.google.com/books?id=Umz6mQZNkmAC&printsec=frontcover&dq=Historia+politica+de+los+establecimientos+ultramarinos&hl=es&ei=DT0oTrnhEcrXgQf7tcRc&sa=X&oi=book_result&ct=result&resnum=3&ved=0CDMQ6AEwAg#v=onepage&q
856 4 1 _zDisponible en línea V.2
_uhttp://books.google.com/books?id=ApABAAAAMAAJ&printsec=frontcover&dq=Historia+politica+de+los+establecimientos+ultramarinos&hl=es&ei=HDkoTp3uJdHngQfLuM1c&sa=X&oi=book_result&ct=result&resnum=1&ved=0CCkQ6AEwAA#v=onepage&q
856 4 1 _zDisponible en línea V.3
_uhttp://books.google.com/books?id=p1CsThlGh0AC&printsec=frontcover&dq=Historia+politica+de+los+establecimientos+ultramarinos&hl=es&ei=6jwoTuSfDI_ogQf3wMhc&sa=X&oi=book_result&ct=result&resnum=2&ved=0CC4Q6AEwAQ#v=onepage&q
856 4 1 _zDisponible en línea V.4
_uhttp://books.google.com.co/books?id=WiQQAAAAYAAJ&pg=PA473&dq=Historia+politica+de+los+establecimientos+ultramarinos+VOLUMEN+IV&hl=es&sa=X&ei=yzfzTtGFOcnSiALkqJmKDg&ved=0CDsQ6AEwAw#v=onepage&q&f=false
856 4 1 _zDisponible en línea V.5
_uhttp://books.google.com.co/books?id=ymxfeV-VRCIC&printsec=frontcover&hl=es&source=gbs_ge_summary_r&cad=0#v=onepage&q&f=false
942 _cLIBRO
_a21
_e1
_2LOCAL
_hE11N030
999 _c73841
_d73841